• 首页
  • 本馆介绍
  • 公告通知
  • 最新文献
  • 馆藏检索
  • 电子资源
  • 读者导购
  • 参考咨询
  • 我的图书馆
  • 登录
  • 详细信息显示
  • 放入我的书架
  • 预约/预借图书
  • 作者相关作品
  • 分类相关作品
  • 丛书相关作品
  • 出版社相关作品

书目信息

  • 表格格式
  • 工作单格式
  • 卡片格式
书名: Health psychology
作者: Shelley E. Taylor.
分册号:
分册名:
出版地: New York :
 
出版社: McGraw-Hill
出版时间: c1995.
页数: xvii, 781 p. :
开本: 25 cm.
丛书名:
中图分类号:
科图分类号:
其他分类号: G804.8
主题词:
电子资源:
000 00991pam a2200289 a 450
001 E0733180251
005 20070505091535.46
008 940816s1995 nyua b 001 0 eng
010    @a94031017
020    @a0070632596 (recycled, acid-free paper).
035    @A(DLC) 94031017
040    @aDLC@cDLC@dDLC
050 00 @aR726.7@b.T39 1995
082 00 @a616/.0019@2 20
090    @aG804.8
099    @dG804.8@ex17=3
100 1  @aTaylor, Shelley E.
245 10 @aHealth psychology / @cShelley E. Taylor.
250    @a3rd ed.
260    @aNew York :@bMcGraw-Hill,@cc1995.
300    @axvii, 781 p. :@bill. ;@c25 cm.
504    @aIncludes bibliographical references (p. 605-721) and index.
650  0 @aClinical health psychology.
650  0 @aMedicine, Psychosomatic.
906    @a7@bcbc@corignew@d1@eocip@f19@gy-gencatlg
955    @apc14 to ja00 08-16-94; jc09 08-16-94; jc13 08-18-94; CIP ver. pv08 12-22-94
991    @bc-GenColl@hR726.7@i.T39 1995@p00022575405@tCopy 1@wBOOKS
    
    Health psychology / / Shelley E. Taylor.-3rd ed.-New York : : McGraw-Hill, , c1995.
    xvii, 781 p. : : ill. ; ; 25 cm.
    Includes bibliographical references (p. 605-721) and index.
    
    ISBN 0070632596 (recycled, acid-free paper).
    
●
相关链接 在E读中查询图书 在五车中查询图书 在当当中查询图书 在豆瓣中查询图书


正题名:Health psychology     索取号:G804.8/x17=3         预约/预借

序号 登录号 条形码 馆藏地/架位号 状态 备注
1 0006217   300062170   第二样本阅览室/ [索取号:G804.8/x17=3] 在馆    
2 0006218   300062189   第四借阅区/ [索取号:G804.8/x17=3] 在馆    
3 0006219   300062198   第四借阅区/ [索取号:G804.8/x17=3] 在馆    
唐山师范学院图书馆 欢迎您!
大连网信软件有限公司© 版权所有